[Event "ROM-ch U14"]
[Site "Mamaia"]
[Date "2021.04.08"]
[Round "2"]
[White "Jitea, Andrei Cristian"]
[Black "Sachilaru, Alexandru"]
[Result "1/2-1/2"]
[WhiteElo "1687"]
[BlackElo "1917"]
[PlyCount "67"]
[EventDate "2021.04.07"]
[EventType "swiss"]
[EventRounds "9"]
[EventCountry "ROU"]
[SourceTitle "EXT 2022"]
[Source "ChessBase"]
[SourceDate "2021.10.06"]
[SourceVersion "1"]
[SourceVersionDate "2021.10.06"]
[SourceQuality "1"]

1. d4 Nf6 2. Nf3 g6 3. g3 Bg7 4. Bg2 0-0 5. 0-0 d6 6. b3 Nc6 7. Bb2 Rb8 8. c4 a6 9. a4 b5 10. axb5 axb5 11. Qc1 bxc4 12. bxc4 Nd7 13. Bc3 e5 14. Qd2 exd4 15. Nxd4 Nxd4 16. Bxd4 Ne5 17. Na3 Be6 18. Bd5 Qf6 19. Rfd1 c5 20. Bc3 Nf3+ 21. exf3 Qxc3 22. Qxc3 Bxc3 23. Rab1 Rxb1 24. Rxb1 Bb4 25. Nc2 Bf5 26. Be4 Be6 27. Nxb4 cxb4 28. Rxb4 Rc8 29. Bd5 Bxd5 30. cxd5 Rc5 31. Rd4 f5 32. f4 Kf7 33. Rd3 Kf6 34. h4 1/2-1/2

[Event "ROM-ch U14"]
[Site "Mamaia"]
[Date "2021.04.07"]
[Round "1"]
[White "Soare, Andrei"]
[Black "Jitea, Andrei Cristian"]
[Result "0-1"]
[WhiteElo "1155"]
[BlackElo "1687"]
[PlyCount "46"]
[EventDate "2021.04.07"]
[EventType "swiss"]
[EventRounds "9"]
[EventCountry "ROU"]
[SourceTitle "EXT 2022"]
[Source "ChessBase"]
[SourceDate "2021.10.06"]
[SourceVersion "1"]
[SourceVersionDate "2021.10.06"]
[SourceQuality "1"]

1. e4 c5 2. b3 Nc6 3. Nf3 e5 4. Bb5 d6 5. Nc3 Nf6 6. h3 Be7 7. d3 a6 8. Bc4 b5 9. Bd5 Bb7 10. Ng5 Nxd5 11. Nxd5 Bxg5 12. Qg4 Qa5+ 13. c3 Bxc1 14. Rxc1 h5 15. Qxg7 0-0-0 16. Qxf7 Kb8 17. Ra1 Nd4 18. 0-0 Bxd5 19. Qxd5 Qxc3 20. Rad1 Rhg8 21. f4 Ne2+ 22. Kh1 Nxf4 23. Rg1 Nxd5 0-1

[Event "Hannibal Online op U14"]
[Site "Chess.com INT"]
[Date "2020.06.09"]
[Round "9"]
[White "Gorbatiuc, Vladislav"]
[Black "Jitea, Andrei Cristian"]
[Result "0-1"]
[WhiteElo "1138"]
[BlackElo "1479"]
[PlyCount "50"]
[EventDate "2020.06.01"]
[EventType "swiss"]
[EventRounds "9"]
[EventCountry "MDA"]
[SourceTitle "CBM 196 Extra"]
[Source "ChessBase"]
[SourceDate "2020.07.31"]
[SourceVersion "1"]
[SourceVersionDate "2020.07.31"]
[SourceQuality "1"]

1. e4 c5 2. Nf3 e6 3. d4 cxd4 4. Nxd4 a6 5. Nc3 Qc7 6. g3 Bb4 7. Bf4 e5 8. Be3 exd4 9. Bxd4 Nf6 10. Bg2 d6 11. f4 Nbd7 12. 0-0 0-0 13. Re1 Bc5 14. Bxc5 Qxc5+ 15. Kh1 Re8 16. Qf3 Rb8 17. a3 b5 18. g4 h6 19. g5 hxg5 20. fxg5 Qxg5 21. Rg1 Ne5 22. Qf2 Nfg4 23. Qe2 Qh4 24. Bf1 Nf2+ 25. Kg2 Bh3# 0-1

[Event "ROM-ch U12"]
[Site "Calimanesti Caciulata"]
[Date "2019.04.22"]
[Round "9"]
[White "Jitea, Andrei Cristian"]
[Black "Lup, Constantin Ionel"]
[Result "0-1"]
[WhiteElo "1339"]
[BlackElo "1636"]
[PlyCount "102"]
[EventDate "2019.04.15"]
[EventType "swiss"]
[EventRounds "9"]
[EventCountry "ROU"]
[SourceTitle "CBM 190 Extra"]
[Source "ChessBase"]
[SourceDate "2019.07.15"]
[SourceVersion "1"]
[SourceVersionDate "2019.07.15"]
[SourceQuality "1"]

1. d4 d6 2. Nf3 g6 3. e3 Bg7 4. Nbd2 Nf6 5. Be2 0-0 6. 0-0 Nbd7 7. b3 b6 8. Bb2 Bb7 9. Rc1 Rc8 10. c3 e5 11. Ne1 Ne8 12. Bf3 Bxf3 13. Qxf3 f5 14. Qe2 Nef6 15. f3 h5 16. g3 Nh7 17. f4 h4 18. Qg2 g5 19. gxh4 gxf4 20. exf4 Qxh4 21. fxe5 dxe5 22. Nef3 Qg4 23. Qxg4 fxg4 24. Nxe5 Nxe5 25. dxe5 Bxe5 26. Nc4 Bg7 27. Ne3 Bh6 28. Rce1 Ng5 29. Nxg4 Nf3+ 30. Rxf3 Rxf3 31. Nxh6+ Kh7 32. Bc1 Rcf8 33. c4 Rf2 34. Re7+ Kg6 35. Re6+ R8f6 36. Rxf6+ Rxf6 37. Kg2 Rd6 38. Ng4 Rd1 39. Be3 Ra1 40. Kg3 Rxa2 41. Ne5+ Kf5 42. Nf3 Ra3 43. Nd2 a5 44. Kf2 Kg4 45. Kg2 a4 46. h3+ Kf5 47. Kf2 axb3 48. Bf4 c5 49. Be5 b2 50. Bxb2 Ra2 51. Bc3 Rc2 0-1

[Event "ROM-ch U12"]
[Site "Calimanesti Caciulata"]
[Date "2019.04.17"]
[Round "3"]
[White "Jitea, Andrei Cristian"]
[Black "Dachi, Mihai Iulian"]
[Result "1-0"]
[WhiteElo "1339"]
[BlackElo "1102"]
[PlyCount "61"]
[EventDate "2019.04.15"]
[EventType "swiss"]
[EventRounds "9"]
[EventCountry "ROU"]
[SourceTitle "CBM 190 Extra"]
[Source "ChessBase"]
[SourceDate "2019.07.15"]
[SourceVersion "1"]
[SourceVersionDate "2019.07.15"]
[SourceQuality "1"]

1. d4 Nf6 2. Nf3 d5 3. e3 Bf5 4. c4 e6 5. Qb3 b6 6. Nc3 Be7 7. Be2 0-0 8. 0-0 Ne4 9. cxd5 Nxc3 10. Qxc3 exd5 11. Bd2 f6 12. Bd3 Bxd3 13. Qxd3 c5 14. dxc5 bxc5 15. Bc3 c4 16. Qd2 Qd6 17. Ba5 Nc6 18. Rad1 Nxa5 19. Qxa5 Rfd8 20. e4 Qb6 21. Qc3 Bb4 22. Qc2 Qb7 23. exd5 Rxd5 24. Qxc4 Rad8 25. Rxd5 Qxd5 26. Qxb4 a5 27. Qe1 Qb5 28. b3 a4 29. bxa4 Qxa4 30. h3 Rd3 31. Qe7 1-0

[Event "ROM-ch U12"]
[Site "Calimanesti Caciulata"]
[Date "2019.04.16"]
[Round "2"]
[White "Radu, David Cr"]
[Black "Jitea, Andrei Cristian"]
[Result "1-0"]
[WhiteElo "1747"]
[BlackElo "1339"]
[PlyCount "61"]
[EventDate "2019.04.15"]
[EventType "swiss"]
[EventRounds "9"]
[EventCountry "ROU"]
[SourceTitle "CBM 190 Extra"]
[Source "ChessBase"]
[SourceDate "2019.07.15"]
[SourceVersion "1"]
[SourceVersionDate "2019.07.15"]
[SourceQuality "1"]

1. e4 c5 2. Nf3 e6 3. d4 cxd4 4. Nxd4 a6 5. c4 Nf6 6. Nc3 Qc7 7. a3 Be7 8. Be2 d6 9. Be3 Nbd7 10. 0-0 0-0 11. Rc1 b6 12. f3 Bb7 13. Qd2 Rac8 14. Rfd1 Rfe8 15. b4 Ne5 16. Na4 Ned7 17. Nb3 e5 18. c5 dxc5 19. bxc5 b5 20. Nb6 Nxb6 21. cxb6 Qb8 22. Nc5 Bxc5 23. Bxc5 Bc6 24. a4 Nd7 25. a5 Nxc5 26. Rxc5 f6 27. Qc3 Qb7 28. Rc1 Re6 29. Bd1 Kh8 30. Bb3 Rd6 31. Bd5 1-0

[Event "EU-ch U10 27th"]
[Site "Mamaia"]
[Date "2017.09.11"]
[Round "6"]
[White "Jitea, Andrei Cristian"]
[Black "Shi, William1"]
[Result "1/2-1/2"]
[WhiteElo "1254"]
[BlackElo "1393"]
[PlyCount "129"]
[EventDate "2017.09.05"]
[EventType "swiss"]
[EventRounds "9"]
[EventCountry "ROU"]
[SourceTitle "CBM 180 Extra"]
[Source "ChessBase"]
[SourceDate "2017.10.06"]
[SourceVersion "1"]
[SourceVersionDate "2017.10.06"]
[SourceQuality "1"]

1. e4 c6 2. Nc3 d5 3. Nf3 dxe4 4. Nxe4 Nf6 5. Nxf6+ exf6 6. d4 Bd6 7. Bd3 0-0 8. 0-0 Re8 9. Be3 Nd7 10. c3 Nf8 11. Qc2 Qc7 12. Rfe1 Bg4 13. Be2 Bxf3 14. Bxf3 Bxh2+ 15. Kh1 Bd6 16. g3 Re7 17. Kg2 Rae8 18. Qd2 Ng6 19. Re2 f5 20. Rae1 f4 21. Bxf4 Bxf4 22. Rxe7 Bxd2 23. Rxe8+ Nf8 24. R1e2 Bh6 25. R2e7 Qb6 26. b3 g6 27. Rb8 Qa5 28. Rbxb7 Qxc3 29. Rxa7 Qxd4 30. Rxf7 Qd6 31. Rfc7 Qd2 32. Bxc6 Be3 33. Rg7+ Kh8 34. Rae7 Qxf2+ 35. Kh3 Qf1+ 36. Bg2 Qb5 37. g4 Bc5 38. Rb7 Qd3+ 39. Kh2 Bd6+ 40. Kg1 Qd4+ 41. Kf1 Qxg7 42. Rxg7 Kxg7 43. a4 Bb4 44. Ke2 Kf6 45. Kd3 Ke6 46. Kc4 Ba5 47. Kb5 Bd8 48. b4 Kd6 49. a5 Kc7 50. a6 Kb8 51. Bc6 Ne6 52. Kc4 Nc7 53. b5 Ka7 54. Kc5 Be7+ 55. Kc4 Kb6 56. Bd7 Bd6 57. Bc6 h5 58. gxh5 gxh5 59. Kd4 Nxa6 60. bxa6 Kxc6 61. a7 Bc5+ 62. Ke4 Bxa7 63. Kf4 h4 64. Kg4 Bf2 65. Kh3 1/2-1/2

[Event "EU-ch U10 27th"]
[Site "Mamaia"]
[Date "2017.09.07"]
[Round "3"]
[White "Jitea, Andrei Cristian"]
[Black "Fleri, Matthew"]
[Result "1/2-1/2"]
[WhiteElo "1254"]
[BlackElo "1564"]
[PlyCount "172"]
[EventDate "2017.09.05"]
[EventType "swiss"]
[EventRounds "9"]
[EventCountry "ROU"]
[SourceTitle "CBM 180 Extra"]
[Source "ChessBase"]
[SourceDate "2017.10.06"]
[SourceVersion "1"]
[SourceVersionDate "2017.10.06"]
[SourceQuality "1"]

1. e4 c5 2. Nc3 d6 3. f4 Nc6 4. Nf3 g6 5. Bc4 Bg7 6. d3 e6 7. 0-0 Nge7 8. Qe1 0-0 9. Qh4 d5 10. Bb5 a6 11. Bxc6 Nxc6 12. Qh3 f6 13. Nh4 Nb4 14. Rf2 f5 15. e5 Nc6 16. Nf3 Bd7 17. Ng5 h6 18. Nf3 b5 19. Qg3 Ne7 20. d4 b4 21. Ne2 c4 22. c3 a5 23. Bd2 Qb6 24. Rb1 b3 25. a3 Be8 26. Rff1 Bf7 27. Kh1 Be8 28. h3 Rb8 29. Rg1 Kf7 30. Qh2 Rg8 31. g4 Ba4 32. g5 h5 33. h4 Bf8 34. Be3 Nc8 35. Bc1 Na7 36. Ng3 Nb5 37. Qd2 Rb7 38. Rg2 Be7 39. Re2 Rgb8 40. Nf1 Qd8 41. Ne3 Rb6 42. Nd1 Qf8 43. Ra1 Qd8 44. Rg2 Qe8 45. Re2 Qg8 46. Rg2 Qg7 47. Re2 Qh8 48. Rg2 Qh7 49. Re2 Qh8 50. Rg2 Qc8 51. Re2 Qa6 52. Rg2 Qb7 53. Re2 Qd7 54. Rg2 Qd8 55. Re2 Qf8 56. Rg2 Bd8 57. Re2 Qe7 58. Rg2 Qb7 59. Re2 Bc7 60. Rg2 Na7 61. Re2 Be8 62. Rg2 Nc6 63. Re2 Na7 64. Rg2 Nb5 65. Re2 Qc6 66. Rg2 Na7 67. Re2 Qa4 68. Rg2 Nc6 69. Re2 Na7 70. Rg2 Nc8 71. Re2 Qd7 72. Rg2 R6b7 73. Re2 Bb6 74. Rg2 Ke7 75. Re2 Kd8 76. Rg2 Kc7 77. Re2 Kc6 78. Rg2 Bd8 79. Re2 Be7 80. Rg2 Kb5 81. Re2 Ka4 82. Rg2 Bf8 83. Re2 Qf7 84. Rg2 Be7 85. Qe2 Qf8 86. Nd2 Na7 1/2-1/2

[Event "ROM-ch U10"]
[Site "Baile Felix"]
[Date "2017.02.07"]
[Round "7"]
[White "Jitea, Andrei Cristian"]
[Black "Szabo, Tamas1"]
[Result "1-0"]
[WhiteElo "1294"]
[BlackElo "1038"]
[PlyCount "55"]
[EventDate "2017.02.02"]
[EventType "swiss"]
[EventRounds "9"]
[EventCountry "ROU"]
[SourceTitle "CBM 176 Extra"]
[Source "ChessBase"]
[SourceDate "2017.03.02"]
[SourceVersion "1"]
[SourceVersionDate "2017.03.02"]
[SourceQuality "1"]

1. e4 b6 2. d4 Bb7 3. Nc3 e6 4. Nf3 Bb4 5. Bd3 Nf6 6. Qe2 d5 7. e5 Nfd7 8. Bd2 Nc6 9. a3 Bxc3 10. Bxc3 Qe7 11. 0-0 0-0-0 12. b4 Rde8 13. Bb2 g5 14. c4 dxc4 15. Bxc4 g4 16. Nd2 Rhg8 17. g3 Ndb8 18. Nb3 Rg7 19. Rac1 Qg5 20. Rc2 Qh5 21. f4 Qh3 22. Rfc1 Nxd4 23. Nxd4 c5 24. bxc5 bxc5 25. Bb3 Ba6 26. Bc4 Bb7 27. a4 cxd4 28. Bxe6+ 1-0

[Event "ROM-ch U10"]
[Site "Baile Felix"]
[Date "2017.02.04"]
[Round "3"]
[White "Jitea, Andrei Cristian"]
[Black "Grigore, Radu Andrei"]
[Result "0-1"]
[WhiteElo "1294"]
[BlackElo "1118"]
[PlyCount "90"]
[EventDate "2017.02.02"]
[EventType "swiss"]
[EventRounds "9"]
[EventCountry "ROU"]
[SourceTitle "CBM 176 Extra"]
[Source "ChessBase"]
[SourceDate "2017.03.02"]
[SourceVersion "1"]
[SourceVersionDate "2017.03.02"]
[SourceQuality "1"]

1. e4 d5 2. exd5 Nf6 3. d4 Bg4 4. Be2 Bxe2 5. Nxe2 Qxd5 6. 0-0 Nc6 7. Nbc3 Qd7 8. Bf4 e6 9. Qd3 Bd6 10. Bg3 Rd8 11. Rad1 0-0 12. a3 Rfe8 13. f4 Nd5 14. Kh1 Nce7 15. Nxd5 exd5 16. Nc3 c6 17. Rfe1 Nf5 18. Kg1 Re6 19. Re2 Rxe2 20. Qxe2 Re8 21. Qd2 Ne3 22. Re1 Nc4 23. Qc1 Rxe1+ 24. Bxe1 Qf5 25. Bg3 h6 26. h3 g5 27. Ne2 Qe4 28. Kf2 Bxf4 29. Bxf4 gxf4 30. Qxf4 Qxf4+ 31. Nxf4 Nxb2 32. Ne2 Nc4 33. a4 a5 34. Nc3 Kg7 35. Ke2 Kf6 36. g3 Kg5 37. Kd3 h5 38. Ke2 f5 39. Kf3 h4 40. g4 Nd2+ 41. Ke3 fxg4 42. hxg4 h3 43. Nd1 h2 44. Nf2 Ne4 45. Nh1 Kxg4 0-1

[Event "ROM-ch U10"]
[Site "Calimanesti Caciulata"]
[Date "2016.04.21"]
[Round "5"]
[White "Jitea, Andrei Cristian"]
[Black "Pirvu, Christian"]
[Result "0-1"]
[WhiteElo "1207"]
[BlackElo "1343"]
[PlyCount "79"]
[EventDate "2016.04.18"]
[EventType "swiss"]
[EventRounds "9"]
[EventCountry "ROU"]
[SourceTitle "CBM 172 Extra"]
[Source "ChessBase"]
[SourceDate "2016.06.21"]
[SourceVersion "1"]
[SourceVersionDate "2016.06.21"]
[SourceQuality "1"]

1. e4 c5 2. Nf3 d6 3. d4 cxd4 4. Nxd4 Nf6 5. Nc3 a6 6. Bd3 e6 7. 0-0 Be7 8. f4 0-0 9. Be3 b5 10. e5 dxe5 11. fxe5 Nd5 12. Nxd5 Qxd5 13. Nf3 Bb7 14. Be2 Qe4 15. Qd3 Rd8 16. Qxe4 Bxe4 17. c3 Nc6 18. Bd4 Rac8 19. Rad1 Nxd4 20. Nxd4 Bd5 21. a3 Bc4 22. Bxc4 Rxc4 23. Nf3 Rcc8 24. Nd4 Bc5 25. b4 Bb6 26. Rf3 Rc4 27. Rdf1 Rxc3 28. Rxc3 Bxd4+ 29. Rf2 Bxc3 30. Rc2 Rd1+ 31. Kf2 Rd2+ 32. Rxd2 Bxd2 33. Ke2 Bc1 34. Kd3 Bxa3 35. Kc3 Bc1 36. Kd4 Bb2+ 37. Kc5 Bxe5 38. Kb6 Bc3 39. Kxa6 Bxb4 40. Kxb5 0-1

[Event "ROM-ch U10"]
[Site "Calimanesti Caciulata"]
[Date "2016.04.20"]
[Round "3"]
[White "Antohi, Rares Nicusor"]
[Black "Jitea, Andrei Cristian"]
[Result "1/2-1/2"]
[WhiteElo "1359"]
[BlackElo "1207"]
[PlyCount "30"]
[EventDate "2016.04.18"]
[EventType "swiss"]
[EventRounds "9"]
[EventCountry "ROU"]
[SourceTitle "CBM 172 Extra"]
[Source "ChessBase"]
[SourceDate "2016.06.21"]
[SourceVersion "1"]
[SourceVersionDate "2016.06.21"]
[SourceQuality "1"]

1. e4 e5 2. Nf3 Nc6 3. Bc4 Nf6 4. Nc3 Bc5 5. Qe2 d6 6. h3 Be6 7. Bb3 0-0 8. d3 Nd7 9. Be3 Bxb3 10. axb3 f5 11. 0-0 f4 12. Bd2 Nd4 13. Qd1 Qe8 14. Nd5 Bb6 15. c3 Nb5 1/2-1/2